[Event "RUS-ch"]
[Site "Elista"]
[Date "1995.??.??"]
[Round "4"]
[White "Epishin, Vladimir"]
[Black "Smagin, Sergey"]
[Result "1-0"]
[WhiteElo "2640"]
[BlackElo "2545"]
[Annotator "Belov,I"]
[PlyCount "121"]
[EventDate "1995.10.??"]
[EventType "swiss"]
[EventRounds "11"]
[EventCountry "RUS"]
[SourceTitle "CBM 050"]
[Source "ChessBase"]
[SourceDate "1996.02.01"]
[SourceVersion "1"]
[SourceVersionDate "1996.02.01"]
[SourceQuality "1"]

1. d4 Nf6 2. c4 e6 3. Nf3 d5 4. Nc3 Nbd7 5. cxd5 exd5 6. Bf4 c6 7. Qc2 Nb6 (
7... Nh5 8. Bg3 Be7 9. e3 Nxg3 10. hxg3 Nf6 11. Bd3 h6 12. O-O-O Be6 13. Kb1
Qa5 14. Ne5 $14 {Piket,J-Timman,J/Wijk aan Zee/1995/0,5/102/}) (7... Bb4 8. e3
Nh5 9. Bg5 Be7 10. Bxe7 Qxe7 11. O-O-O Nb6 12. h3 g6 13. Bd3 Ng7 14. g4 Bd7 15.
Kb1 O-O-O 16. Qb3 $1 $14 {Epishin,V-Ivanchuk,V/Tilburg/1992/0:1/75/}) (7... Be7
8. e3 O-O 9. Bd3 Re8 10. h3 Nf8 11. O-O-O $14) 8. h3 (8. e3 Bg4 (8... Nh5 9.
Bg5 Be7 10. Bxe7 Qxe7 11. O-O-O $14) 9. Ne5 Bh5 10. h3 Bg6 11. Qb3 $1 a5 12. a3
a4 13. Qd1 Ne4 14. Be2 Bd6 15. Nxg6 hxg6 16. Nxe4 dxe4 17. Qc2 $14 {Georgiev,
Kir-Piket,J/Moscow olm/1994/1:0/76/}) 8... Bd6 9. Bxd6 Qxd6 10. e3 Qe7 (10...
Be6 11. Bd3 Nbd7 12. O-O-O O-O-O 13. Kb1 Kb8 14. Ka1 Rhe8 15. Rb1 $1 Rc8 16.
Rhc1 Nb6 17. b4 $14 {Tukmakov,V-Ivanov,I/URS/1978/1:0/36}) 11. Bd3 Nc4 (11...
Be6 12. O-O (12. O-O-O O-O-O 13. Kb1 Kb8 14. Ka1 Rc8 15. Rb1 $14) 12... O-O 13.
Rab1 $14) 12. Bxc4 dxc4 13. O-O O-O 14. e4 b5 15. Rfe1 Rd8 16. a4 (16. Rad1 Bb7
17. a3 a6 18. e5 Nd5 19. Ne4 $14) 16... a6 17. axb5 cxb5 18. d5 Bb7 19. Rad1
Qc5 $6 (19... h6 $32) 20. Rd4 $6 (20. e5 $5 Nxd5 21. Ng5 g6 22. Nce4 Nb4 (22...
Qb6 23. Nd6 f6 24. Ngf7 $16) 23. Nf6+ (23. Nxc5 Nxc2 24. Nxb7 Nxe1 25. Rxe1 Rd2
$17) (23. Qc3 Bxe4 24. Nxe4 Nd3 25. Nf6+ Kg7 $13) 23... Kg7 24. Qc3 $36) 20...
Re8 21. Red1 Nd7 22. Ne2 Qd6 23. Ng3 g6 24. Qd2 f6 $10 25. h4 $1 Ne5 26. h5 $1
Bc8 (26... Nxf3+ 27. gxf3 Kg7 28. f4 Rad8 (28... Bc8 29. hxg6 hxg6 30. f5 $16)
29. hxg6 hxg6 30. f5 $16) 27. Nh4 Ra7 $1 28. Re1 (28. f4 Nd3 29. hxg6 Qxf4 30.
Qxf4 Nxf4 31. gxh7+ Rxh7 $17) (28. hxg6 hxg6 29. f4 Qc5 30. Kf1 Rh7 $17) 28...
Rg7 29. Re3 Ng4 30. Rc3 Bd7 31. Nf1 $5 (31. b3 cxb3 32. Rxb3 $13) 31... g5 $5 (
31... a5 32. Rg3 a4 33. f3 Ne5 34. f4 $36) 32. Nf5 Bxf5 33. exf5 Nh6 (33... Ne5
34. g4 Rge7 35. Ng3 Kg7 36. Ne4 Qb6 37. d6 Rd7 38. h6+ Kf7 39. Rg3) 34. g4 Rge7
(34... Rd7 35. Ng3 Nf7 36. Ne4 Qb6 37. d6 Kg7 38. Re3 $16) 35. Ng3 Nf7 36. Kg2
Qd8 $2 (36... Re5 37. f3 Kg7 38. Ne4 Qb6 39. d6 Rd8 $13) 37. Ra3 $1 Qb6 (37...
Ra7 38. d6 Re5 39. Ne4 Kg7 40. f4 gxf4 41. Qxf4 $16) 38. d6 Rd7 39. Ne4 Kg7 40.
Re3 $1 Re5 (40... h6 41. Nxf6 Rxe3 42. Nxd7 Qa7 43. Qxe3 Qxd7 44. Qe6 $18) (
40... Red8 41. h6+ Nxh6 42. Nxf6 Kxf6 (42... Rxd6 43. Rxd6 Qxd6 44. Ne8+ $18)
43. Re6+ Kg7 44. Qxg5+ Kh8 45. Qf6+ Kg8 46. Re7 Rxe7 47. dxe7 Qb7+ 48. Kg1 Re8
49. Rd8 $18) 41. h6+ $1 Nxh6 42. Nxf6 $1 Qc6+ 43. Kg1 Kxf6 (43... Rxe3 44. Nxd7
Rd3 (44... Re4 45. Qxg5+ Kf7 46. Qxh6 Rxd4 47. Qf8#) (44... Re8 45. Qxg5+ Kf7 (
45... Kh8 46. Nf6) 46. Qxh6 Qxd7 47. Qxh7+ $18) 45. Qxg5+ Kh8 (45... Kf7 46.
Ne5+) 46. Qf6+ Kg8 47. Qf8#) 44. Rxe5 Kxe5 45. f4+ Kf6 (45... gxf4 46. Qxf4+
Kf6 47. Qxh6+ Kf7 48. Qxh7+ Kf6 49. Qh8+ Kf7 50. g5 Rxd6 51. g6+ Ke7 52. Qg7+
Kd8 53. Qf8+ Kc7 54. Rxd6 Qxd6 55. Qxd6+ Kxd6 56. g7 $18) 46. fxg5+ Kf7 47.
gxh6 Qc5 48. Kf1 (48. Kg2) 48... Qe5 49. Kg2 b4 50. Kf3 $1 a5 51. Qe3 Qxe3+ $8
52. Kxe3 Kf6 53. Rxc4 (53. Kf4 c3 54. bxc3 b3 55. g5+ Kf7 56. Rd5 a4 (56... Rb7
57. d7 b2 58. d8=Q $18) 57. Rb5 Ra7 (57... Rxd6 58. Rb7+ Kg8 59. Rg7+ Kh8 (
59... Kf8 60. Rxh7 a3 61. Rb7 b2 (61... Kg8 62. h7+ Kh8 63. g6 Rd8 64. Kg5 a2
65. Kh6 $18) 62. h7 $18) 60. Rb7 Kg8 61. Ke5 Ra6 62. f6 a3 63. Rg7+ Kh8 64. f7
Ra8 $13) 58. Rb8 a3 59. g6+ hxg6 60. h7 $18) 53... Kg5 (53... Rxd6 54. Kf4 Rd2
55. g5+ Kf7 56. Rc7+ Kg8 57. Ke5 $18) 54. Rd4 a4 55. Ke4 a3 (55... Kxg4 56.
Ke5+ Kg5 57. Ke6 Rd8 58. Ke7 Ra8 59. d7 a3 60. bxa3 bxa3 61. d8=Q $18) 56. bxa3
bxa3 57. Ke5 $18 Rd8 58. Ra4 Re8+ 59. Kd5 Re3 60. d7 Rd3+ 61. Rd4 1-0

[Event "USA-ch (Women)"]
[Site "Saint Louis"]
[Date "2009.10.12"]
[Round "8"]
[White "Foisor, Sabina Francesca"]
[Black "Zatonskih, Anna"]
[Result "0-1"]
[WhiteElo "2320"]
[BlackElo "2462"]
[Annotator "Bird,C"]
[PlyCount "112"]
[EventDate "2009.10.04"]
[EventType "tourn"]
[EventRounds "9"]
[EventCountry "USA"]
[EventCategory "2"]
[SourceTitle "CBM 132 Extra"]
[Source "ChessBase"]
[SourceDate "2009.11.03"]
[SourceVersion "1"]
[SourceVersionDate "2009.11.03"]
[SourceQuality "1"]

1. d4 d5 2. c4 e6 3. Nc3 Be7 4. cxd5 exd5 5. Bf4 Nf6 6. Qc2 c5 7. e3 $6 ({
Criticized as too passive but Foisor was obviously trying to play carefully
against the tournament leader. Both} 7. dxc5) ({and} 7. Nf3 {would have been
more active tries.}) 7... cxd4 8. exd4 Nc6 9. Bb5 Qb6 10. Nge2 O-O 11. Bxc6
Qxc6 12. O-O Be6 13. Rac1 Rac8 {Zatonskih said after the game she would have
happily offered a draw around here but with the no draws before 30 moves rule
in effect this was not possible.} 14. f3 Qd7 15. g4 {The commentary room
definitely did not like this move although Zatonskih thought it was actually
ok.} b5 16. a3 Ne8 17. Qb3 a6 18. Bg3 Rc4 ({No need for complications with} 
18... Nd6 19. Nxd5 Bd8 20. Rxc8 Nxc8 21. Nef4 Nb6 {although black stands much
better here.}) 19. Rcd1 f6 20. Rfe1 Bf7 21. Nf4 Nc7 22. Qc2 b4 $1 {Zatonskih
decided at this point that although she would have been happy with a draw, she
felt she now had to play what she thought was the best move on the board,
irrespective of how it complicated the game. She thought playing for a draw
with more cautious moves could have presented other problems.} 23. axb4 Bxb4
24. Qf5 $2 (24. Nd3 Bg6 25. Qb3 {is still better for black but not as bad as
the move played.}) 24... Qxf5 25. gxf5 Nb5 {The white pawn will fall.} 26. Nfe2
Nxc3 27. bxc3 Bxc3 28. Nxc3 Rxc3 {Zatonskih is just a clear pawn up.} 29. Kf2
Rfc8 30. Re3 Rxe3 {Move 30 comes and goes but there won't be any draw offer
from Zatonskih who feels she can play on here without any risk. She had also
seen what was happening in the Krush-Baginskaite game and was sure that she
already had the Championship sewn up.} 31. Kxe3 Rc3+ 32. Rd3 Rxd3+ 33. Kxd3 {
An opposite colored bishop ending has been reached but black still has good
winning chances here thanks to white's doubled pawns on f3 and f5.} Bh5 34. Ke3
a5 35. Bd6 Kf7 36. Kf4 Ke8 37. Ba3 a4 38. Ke3 Kd7 39. h3 Kd8 40. Bf8 Ke8 41.
Bc5 (41. Bxg7 $4 a3) 41... Kf7 42. h4 Kg8 43. Kf4 Be8 44. Ba3 Bb5 45. Ke3 Kf7
46. Bb4 Bc4 47. Kd2 Bf1 48. Ke3 Bh3 49. Kf4 Ke8 50. Ba3 Kd7 51. Bf8 Kc6 52. Ke3
Bxf5 53. Kd2 g5 54. Be7 $2 (54. hxg5 fxg5 55. Bh6 $1 {and white may still be
in with a chance of drawing this.}) 54... gxh4 55. Bxf6 h3 56. Be5 Be4 (56...
Be4 57. Kc3 (57. f4 h2) (57. fxe4 dxe4 58. Ke3 Kd5) 57... Kb5 58. Bh2 Bxf3 59.
Be5 Bd1 60. Bb8 a3 61. Be5 a2 62. Kb2 Bb3 {and the black king will march over
to the kingside to help the h-pawn promote.}) 0-1

[Event "Gibraltar Masters 9th"]
[Site "Caleta"]
[Date "2011.02.03"]
[Round "10"]
[White "Bologan, Viktor"]
[Black "Short, Nigel D"]
[Result "0-1"]
[WhiteElo "2693"]
[BlackElo "2658"]
[Annotator "Bologan,V"]
[PlyCount "122"]
[EventDate "2011.01.25"]
[EventType "swiss"]
[EventRounds "10"]
[EventCountry "GGB"]
[SourceTitle "CBM 141"]
[Source "ChessBase"]
[SourceDate "2011.03.17"]
[SourceVersion "1"]
[SourceVersionDate "2011.03.17"]
[SourceQuality "1"]

1. d4 e6 2. c4 Nf6 3. Nc3 d5 4. cxd5 exd5 5. Bg5 c6 6. e3 Bf5 7. Qf3 Bg6 8.
Bxf6 Qxf6 9. Qxf6 gxf6 10. Nf3 {This was only my 3rd game with d4 in the last
three years and of course I had to spend much time in preparing almost all
black answers to d4. I managed even briefly to point out that with this setup
I will repeat van Wely's play against Nigel.} Nd7 11. g3 Be7 12. Nh4 {White
wants to control the f5-square or to provoke Black to push his pawn to f5.} Nb6
13. f3 a5 14. Kf2 a4 15. Rc1 Nc8 16. Ne2 $6 {Of course after 10.Nf3 I had to
play over the board, since I didn't remember exactly what happened in Loek's
game. In this position I saw that he can play Ra6 and decided that it simply
will lead to the repetition of moves after Nc3, and only then I would go for
Be2.} ({The aforementioned game went} 16. Be2 Nd6 17. Rhd1 O-O 18. Bd3 Rfe8 19.
g4 Bf8 20. Ne2 Bh6 21. f4 Bxd3 22. Rxd3 Bf8 23. Ng3 $1 $16 {Van Wely Loek (NED)
- Short Nigel D (ENG), Wijk aan Zee (Netherlands). With full control over the
f5-square.}) 16... Ra6 17. Nc3 Ra5 18. Be2 Nd6 19. Rhd1 Kd7 20. Ng2 b5 21. Rd2
Bf8 (21... a3 22. b3 {X c4}) (21... Nc4 22. Bxc4 bxc4 23. a3 $1 $14) 22. a3 h5
23. Na2 Nc4 24. Bxc4 bxc4 25. Nf4 f5 26. Nc3 $14 {Now the rook can not leave
the a-file.} Bd6 27. h4 {It is important to fix the pawns which will make
easier task for knights manoeuvring} Rg8 28. Rg1 Raa8 29. Ke1 {Some friends
were sure, that this was a blunder and I missed ...Bc7 with the idea ...Ba5.
It's not true since this was a provocation and I consciously sacrified the
exchange.} (29. Ke2 Rge8) 29... Bc7 30. Kd1 Ba5 31. Nxa4 $1 (31. Rc2 Rge8)
31... Bxd2 32. Nc5+ Kd6 33. Kxd2 Rgb8 34. Kc3 Ra5 35. Rc1 Rab5 {Here my
opponent almost took on c5 which after} (35... Rxc5 36. dxc5+ Kxc5 37. b4+ $1 {
would lead to a very difficlut endgame for Black:} cxb3 38. Kb2+ Kd6 39. Rc3 c5
40. Rxb3 {+/-/+/=}) 36. b4 $1 ({On} 36. Rb1 {I didn't like} Rb3+ 37. Nxb3 Rxb3+
38. Kd2 Bh7 $11) 36... cxb3 37. Kb2 Ra5 38. Ncd3 (38. a4 Ra7 39. Rc3 Rb4 40.
Nfd3 Rb6 41. Rxb3 Rxb3+ 42. Kxb3 Re7 $17) (38. Rc3 Rxa3 $1 $19) 38... Re8 39.
Nb4 ({My first intention was} 39. Ne5 c5 40. Rc3 {but here} Rb5 {instead of
the calculated ...c4} (40... c4 41. Rxc4 dxc4 42. Nxc4+ Kd7 43. Nxa5 Rxe3 44.
Nc4 {and the pawn is untouched}) 41. a4 Rbb8 {would force me to take on g6
which wasn't my idea.}) 39... Rxe3 40. Rxc6+ Kd7 {The time control is passed
and I had enough time to review my assesment of the position and to calm down
to draw, but the tiredness (10th round, long games, 166 moves and 8 hours one
of them) and some sort of psychological block didn't let me do it.} 41. Rc1 (
41. Rc5 Rxc5 42. dxc5 d4 43. a4 d3 (43... Rxf3 44. a5 d3 45. Nfxd3 Kc8 46. a6
Kb8) 44. c6+ Kd6 45. c7 Re8 46. Nbxd3 Kxc7 47. Kxb3 Kb7 48. Nd5 Re2 $13) (41.
Rf6 Rxf3 42. Nc6 Rf2+ (42... Rb5 43. Ne5+ Ke7 44. Nxf3 Kxf6 45. a4 Rb8 46. Ne5
Kg7 47. Nd7 Re8 48. Kxb3 Re1 49. a5 Ra1 50. Kb4 Rb1+ 51. Kc5 $18) 43. Kxb3 Rb5+
44. Ka4 Rb1 45. Nxd5 (45. Ne5+ Ke8 46. Rc6 Rb8) 45... Rfb2 46. Ne5+ Ke8 $13) (
41. Rc7+ {was enough only for draw and I think now this was the best option
for me from the practical point of view.} Kd6 (41... Kxc7 42. Nbxd5+ Kd6 43.
Nxe3 Ra4 44. d5 Rd4 45. Kxb3 Kc5 46. Kc3 Ra4 47. Nd3+ Kb5 48. Kb3 Rd4 49. Nf4
Kc5) 42. Rb7 Rxf3 43. Rb6+ Kd7 44. Nfxd5) 41... Rxf3 42. Nc6 Rf2+ 43. Kxb3 Rb5+
44. Ka4 Rb7 $6 (44... Rfb2 45. Ne5+ Kd6 46. Rc6+ Ke7 47. Rc8 Rb7 48. Nxd5+ Ke6
49. Nf4+ Kf6 50. Ra8 $14) 45. Ne5+ (45. Rc5 $1 {Analysing this complex
position even with the computer it's hard to give a final assessment, but the
fact that White is the only one who can fight for a win is true.} Rfb2 46. Ne5+
Ke7 47. Nxd5+ Kf8 48. Nf4 Ra7+ 49. Ra5 Rxa5+ 50. Kxa5 Rb3 (50... Ke7 51. a4 Kd8
52. Ka6 Rb1 53. a5 Rb3 54. d5 Kc7 55. Nc4 Rb1 56. Na3 Rb8 57. Nb5+ Kc8 58. d6
Kd7 59. Nd3 Kc6 60. Ne5+ Kd5 61. Ka7 $16) 51. a4 Ke8 52. Ka6 Rxg3 53. Kb6 {
It is important do not get cut off on the b-file by the rook} (53. a5 Rb3 54.
Ka7 Kd8 55. a6 Kc7) 53... Rb3+ 54. Kc5 Rc3+ 55. Kb4 Rc1 56. a5 Kd8 57. a6 Kc7
58. d5 $16) 45... Kd8 46. Nc6+ $6 (46. Rc5 Ra7+ 47. Kb3 (47. Ra5 Rxa5+ 48. Kxa5
Rb2 49. a4 Rb3 50. Ka6 Kc7 51. a5 Rxg3 52. Kb5 Rb3+ 53. Kc5 Kb7 54. Nxd5 Bh7
55. Nf4 Ra3 $13) 47... Rb7+ 48. Ka4 {=}) 46... Ke8 47. Ka5 $4 {This is the end;
it escaped from me that he can take on g3 with the b-rook.} Rb3 48. a4 Rxg3 49.
Nxd5 f4 $19 50. Kb6 Kf8 51. a5 Be4 52. Ndb4 Rb2 53. Kc7 Rgb3 54. d5 Rxb4 55.
Nxb4 Rxb4 56. d6 Rb7+ 57. Kc8 Ra7 58. Ra1 f3 59. a6 f2 60. d7 Ra8+ 61. Kc7 Bg2
0-1

[Event "BCF-ch 82nd"]
[Site "Swansea"]
[Date "1995.??.??"]
[Round "5"]
[White "Ward, Christopher"]
[Black "Hunt, Harriet"]
[Result "1-0"]
[WhiteElo "2500"]
[BlackElo "2385"]
[Annotator "Bulletin"]
[PlyCount "79"]
[EventDate "1995.08.??"]
[EventType "swiss"]
[EventRounds "11"]
[EventCountry "WLS"]
[SourceTitle "EXT 1997"]
[Source "ChessBase"]
[SourceDate "1996.11.15"]
[SourceVersion "1"]
[SourceVersionDate "1996.11.15"]
[SourceQuality "1"]

1. d4 d5 2. c4 e6 3. Nc3 Nf6 4. cxd5 exd5 5. Bg5 c6 6. e3 Bf5 7. Qf3 Bg6 8.
Bxf6 Qxf6 9. Qxf6 gxf6 10. Kd2 Nd7 11. Bd3 Nb6 12. b3 Nc8 13. Nge2 Nd6 14. g4
f5 15. gxf5 Bxf5 16. Rag1 Kd7 17. Bxf5+ Nxf5 18. Rg4 Bd6 19. Ng3 Ne7 20. Nh5
Ke6 21. Ne2 Rhg8 22. Nef4+ Kf5 23. Rg7 Rxg7 24. Nxg7+ Kf6 25. Rg1 {Threatening
26 N4h5 mate!} (25. Nfh5+ Kg6 26. Rg1+ Kh6 27. Nf4 Bxf4 28. exf4 Rg8 29. Nf5+
Kh5 30. Rxg8 Nxg8 31. Nd6 Kg4 {is fine for Black.}) 25... Bxf4 26. Nh5+ Kf5 27.
Ng7+ {Gaining time on the clock, because if} Kf6 (27... Ke4 28. Ke2 Bxe3 29.
fxe3 f5 30. Rg5 Rg8 31. Nh5) 28. Nh5+ Kf5 29. Nxf4 Rg8 30. Rg3 {[#]} Ng6 (30...
Rxg3 31. hxg3 {when White is only slightly better, as the isolated kingside
pawns matter less with the rooks off.}) 31. Nd3 Rf8 $2 (31... Rb8 {to defend
against 32 Rf3+ Ke6 33 Nc5+.} 32. Rh3 Nf8 33. Rh6) 32. Rh3 Rh8 33. Rf3+ Kg4 (
33... Ke6 34. Nc5+) 34. Rxf7 Kh3 35. Rxb7 Kxh2 36. Rxa7 h5 37. Rg7 Nh4 38. Nf4
Nf3+ 39. Ke2 Ng1+ 40. Kf1 (40. Kf1 Nf3 41. Rg3 Nd2+ 42. Ke2 Ne4 43. Rh3+ {wins}
) 1-0

[Event "World Cup"]
[Site "Barcelona"]
[Date "1989.03.??"]
[Round "12"]
[White "Seirawan, Yasser"]
[Black "Ljubojevic, Ljubomir"]
[Result "0-1"]
[WhiteElo "2610"]
[BlackElo "2580"]
[Annotator "Bulletin"]
[PlyCount "78"]
[EventDate "1989.03.??"]
[EventType "tourn"]
[EventRounds "17"]
[EventCountry "ESP"]
[EventCategory "15"]
[SourceTitle "CBM 012"]
[Source "ChessBase"]
[SourceDate "1989.10.01"]
[SourceVersion "1"]
[SourceVersionDate "1989.10.01"]
[SourceQuality "1"]

1. d4 Nf6 2. c4 e6 3. Nc3 d5 4. Bg5 Nbd7 5. e3 c6 6. cxd5 exd5 7. Bd3 Bd6 $5 {
7...Be7} 8. Nge2 Nf8 $6 9. f3 $1 Ng6 10. e4 dxe4 11. fxe4 Be7 12. O-O $1 O-O (
12... Nxe4 $2 13. Bxe7 Nxc3 14. Bxd8 Nxd1 15. Raxd1 Kxd8 16. Rxf7 $16) 13. Qb3
c5 $1 14. e5 $1 (14. d5 $2 Nxd5 $1 $17) 14... Ng4 15. Bxg6 $1 (15. Bxe7 $2 Nxe7
$1 16. Bc4 cxd4 17. Bxf7+ Kh8 18. Rad1 Nxe5 19. Rxd4 Qc7 $15) 15... hxg6 (15...
Bxg5 $5 16. Bxf7+ Kh8 17. e6 Be3+ 18. Kh1 Qh4 19. h3 Nf2+ 20. Rxf2 Qxf2 21. e7
{>= 21.d5!?} Bxh3 22. exf8=Q+ Rxf8 23. gxh3 Qf3+ $10) 16. Bxe7 Qxe7 17. Nf4 $5
(17. Nd5 $1 Qd8 18. h3 Be6 19. Nef4 Bxd5 20. Nxd5 Nh6 21. dxc5) 17... Qh4 $1 (
17... cxd4 $2 18. Nxg6 Qg5 19. Nxf8 Qe3+ 20. Kh1 Nf2+ 21. Rxf2 Qxf2 22. Nd5 $1
$16) (17... Qd8 $5 18. Nb5 $1 cxd4 19. Nxg6 Be6 20. Qxe6 fxe6 21. Rxf8+ Qxf8
22. Nxf8 Kxf8 23. Nxd4 $18) 18. h3 Ne3 19. Rf2 $1 Be6 $1 20. d5 g5 21. Nfe2 c4
$1 22. Qb5 $2 (22. Qxb7 $1 Rab8 23. Qc6 Rfc8 24. Qd6 Rd8 25. dxe6 Rxd6 26.
exf7+ Kf8 27. exd6 $18) 22... Bxh3 $1 23. gxh3 Qxh3 24. Rh2 $2 (24. d6 $1 $13
Qg4+ 25. Kh1 Qh3+ 26. Rh2 Qf3+ 27. Kg1) (24. Ne4 $5) 24... Qg4+ $1 25. Kf2 Qf5+
$1 26. Kxe3 $2 (26. Kg1 $10 Qg4+ $10) 26... Qxe5+ 27. Kd2 Qxh2 28. Qxc4 Rae8
29. Rd1 Re5 30. Kc2 Qh7+ 31. Kb3 Qh3 32. Nd4 Rc8 33. Qb5 Re3 34. Ka3 Qg4 35.
Rd2 Qf4 36. Rd1 Qd6+ $1 37. Kb3 a6 38. Qb4 Qxd5+ 39. Ka3 Rc4 {time} 0-1

[Event "Dilijan FIDE GP (Women)"]
[Site "Dilijan"]
[Date "2013.06.19"]
[Round "4"]
[White "Stefanova, Antoaneta"]
[Black "Khotenashvili, Bela"]
[Result "1/2-1/2"]
[WhiteElo "2531"]
[BlackElo "2531"]
[Annotator "CB"]
[PlyCount "62"]
[EventDate "2013.06.16"]
[EventType "tourn"]
[EventRounds "11"]
[EventCountry "ARM"]
[EventCategory "11"]
[SourceTitle "CBM 155"]
[Source "ChessBase"]
[SourceDate "2013.07.16"]
[SourceVersion "1"]
[SourceVersionDate "2013.07.16"]
[SourceQuality "1"]

1. d4 d5 2. c4 e6 3. Nc3 Be7 4. Bf4 Nf6 5. e3 O-O 6. a3 Nbd7 7. Nb5 Ne8 8. Nf3
c6 9. Nc3 f5 10. h3 Nd6 11. cxd5 exd5 12. Bd3 Nf6 13. Ne5 Nfe4 14. Ne2 Nf7 15.
O-O Bf6 {reserving the d6 square for the knight. This was an improvement over}
({Stefanova-Dronavalli, Women's World Cup 2012, where Black played} 15... Bd6
16. Qc2 Qf6 17. f3 Neg5 18. h4 Ne6 19. Bxf5 Nxe5 20. Bxh7+ Kh8 21. dxe5 {
and Stefanova won the game.}) 16. f3 Ned6 17. Qc2 Qe7 18. Nxf7 Rxf7 19. Rae1
Bg5 20. e4 Bxf4 21. Nxf4 Qh4 22. Nxd5 {In order to keep the initiative alive
Stefanova sacrifices her knight. This probably wasn't correct, but both
players were in time trouble.} cxd5 23. Qc5 Qe7 24. exf5 Qf6 25. g4 Bxf5 {
Khotenashvili decided to return the piece and end the game with threefold
repetition.} 26. gxf5 Qg5+ 27. Kh1 Nxf5 28. Re5 Ng3+ 29. Kg2 Nf5+ 30. Kh1 Ng3+
31. Kg2 Nf5+ 1/2-1/2

[Event "Bayern-chI Bank Hofmann 16th"]
[Site "Bad Wiessee"]
[Date "2012.11.02"]
[Round "7"]
[White "Fridman, Daniel"]
[Black "Prusikin, Michael"]
[Result "1/2-1/2"]
[WhiteElo "2670"]
[BlackElo "2545"]
[Annotator "CB"]
[PlyCount "205"]
[EventDate "2012.10.27"]
[EventType "swiss"]
[EventRounds "9"]
[EventCountry "GER"]
[SourceTitle "EXT 2013"]
[Source "ChessBase"]
[SourceDate "2012.11.22"]
[SourceVersion "1"]
[SourceVersionDate "2012.11.22"]
[SourceQuality "1"]

1. c4 e6 2. Nc3 d5 3. d4 Be7 4. cxd5 exd5 5. Bf4 Nf6 6. e3 Bf5 7. Qb3 Nc6 8. g4
Nxg4 9. Qxd5 Qc8 10. Qg2 O-O 11. O-O-O Nf6 12. f3 Bg6 13. e4 Rd8 14. Nge2 b5
15. Be3 b4 16. Na4 Na5 17. Nf4 c5 18. Nxc5 Nd7 19. Nd5 Bf8 20. Qc2 Nxc5 21.
dxc5 Rb8 22. b3 Qc6 23. Be2 Rxd5 24. Rxd5 Qxd5 25. exd5 Bxc2 26. Kxc2 Bxc5 27.
Bxc5 Rc8 28. Bc4 Rxc5 29. Re1 Kf8 30. Kd3 Nb7 31. Kd4 Rc7 32. Bb5 Nd6 33. Bc6
Re7 34. Rxe7 Kxe7 35. Kc5 Nf5 36. Bb5 g5 37. Bd3 Nh4 38. d6+ Kd8 39. Be2 f5 40.
Kxb4 h5 41. Kb5 g4 42. fxg4 fxg4 43. Ka6 Nf3 44. h3 Ne5 45. hxg4 hxg4 46. Kxa7
g3 47. Bf1 Kd7 48. Kb7 Kxd6 49. a4 {Diagramm #} Nd3 (49... Kc5 50. a5 Nc6 51.
a6 Nd8+ 52. Kc7 Ne6+ 53. Kd7 Nf8+ 54. Ke7 Ng6+ 55. Kf6 Nf4 56. a7 Nd5+ 57. Ke5
Nc7 $11) 50. a5 Nc5+ 51. Kc8 (51. Kb6 Nd7+ 52. Kb5 Kc7) 51... Na6 $1 52. Kb7
Nc5+ 53. Kb8 Kd7 (53... Kc6 54. b4 Nd7+ 55. Ka8 Nb6+ $1 56. Ka7 Nc4 $1 {
führte studienartig zum Remis!}) 54. Bg2 Kd8 55. Bd5 (55. b4 $1 Na6+ 56. Kb7
Nxb4 57. Kb6 Kc8 58. Kb5 $18) 55... Kd7 56. Bg2 Kd8 57. Bh3 (57. b4 Na6+ 58.
Kb7 Nxb4 59. Kb6) 57... Nxb3 58. a6 Nd4 59. Bg2 (59. Kb7 Nb5 60. Bg2 Kd7 61.
Kb6 Nd6 62. Bh3+ Kd8) 59... Nb5 60. Bf1 Nd4 61. Kb7 Nb5 $1 62. Kb6 Nd6 63. Kc6
Nc8 64. Bh3 Na7+ 65. Kb6 Nc8+ 66. Kb7 Nd6+ 67. Kb8 Nb5 68. Bg2 Kd7 69. Bf1 Kd8
70. Bg2 Kd7 71. Bh3+ Kd8 72. Bf1 Nd4 73. Kb7 Nb5 {Diagramm #} 74. Bxb5 g2 75.
a7 g1=Q 76. a8=Q+ Ke7 77. Qe8+ Kf6 78. Qf8+ Ke5 79. Qe7+ Kf4 80. Qd6+ Kf3 81.
Qf6+ Ke4 82. Bc6+ Kd3 83. Qf5+ Kc3 84. Qa5+ Kd3 85. Qa3+ Ke2 86. Qb2+ Ke1 87.
Qc1+ Kf2 88. Qc5+ Kf1 89. Bb5+ Kg2 90. Qg5+ Kf2 91. Qf4+ Ke1 92. Qe4+ Kf2 93.
Qd4+ Kg2 94. Bc6+ Kf1 95. Qd3+ Ke1 96. Qc3+ Kf2 97. Be4 Qg5 98. Qc2+ Ke1 99.
Qc3+ Kf2 100. Qf3+ Ke1 101. Qh1+ Kf2 102. Qg2+ Qxg2 103. Bxg2 1/2-1/2